Michigan High School Football: Top 50 Most Passing Yards - Statistics

General Stats
  • This quiz has been taken 6 times
  • The average score is 12 of 50
Answer Stats
# Player Yards High School & Last Year Current Team (Position) % Correct
15 Austin Brown 6,909 Detroit Catholic Central / Madison - 2018 Grand Valley State Lakers - Baseball (P)
67%
12 Chase Brown 7,283 Comstock Park - 2018 Hope College Dutchmen (QB)
67%
50 Jake Brown 5,189 Comstock Park - 2012 Retired in 2016
67%
16 Nate Smith 6,859 Harper Creek - 2006 Retired in 2013
67%
34 Shaye Brown 5,672 Linden - 2012 Retired in 2016
67%
6 Travis Smith 8,044 Ithaca - 2013 Retired
67%
7 Tyree Jackson 8,028 Mona Shores - 2014 Philadelphia Eagles (TE)
50%
21 Bart Williams 6,302 Grand Blanc - 2012 Retired in 2018
33%
39 Brek Trevino 5,445 Hudsonville - 2003 Retired
33%
13 Cooper Rush 7,247 Lansing Catholic - 2011 Dallas Cowboys (QB)
33%
40 Ryan Van Dyke 5,443 Marshall - 1997 Retired in 2006
33%
36 Aaron Spence 5,617 Three Rivers - 2009 Retired in 2013
17%
17 Adam Stremlow 6,780 Coleman - 2014 Retired
17%
31 A.J. Westendorp 5,963 Holland Christian - 2008 Retired in 2013
17%
22 Alex Malzone 6,254 Brother Rice - 2014 Retired in 2019
17%
11 Alex Thole 7,318 Schoolcraft - 2020 Tarleton State Texans (QB)
17%
28 Austin Cole 6,156 Grass Lake - 2006 Retired
17%
20 Bryce Veasley 6,406 Southfield-Lathrup / West Bloomfield - 2017 Retired in 2021
17%
33 Caden Zeien 5,906 Au Gres-Sims - 2018 Retired
17%
38 Cam Summers 5,597 Grayling - 2016 Retired
17%
8 Cody Marks 7,906 Linden - 2009 Retired
17%
19 Danny Stiefel 6,619 Capac / Stevenson - 2005 Retired
17%
37 Dave von Behren 5,601 Frankenmuth - 1975 Retired
17%
35 Drew Henson 5,662 Brighton - 1997 Retired in 2008
17%
32 Drew Schaft 5,939 Lapeer East / Davison - 2003 Retired in 2008
17%
2 Eric Wenzel 8,643 Kalamazoo United - 2018 Western Michigan Broncos (S)
17%
47 Evan Sharpley 5,216 Marshall - 2004 Retired in 2011 - Baseball
17%
46 Jake Swander 5,281 Grayling - 2013 Youngstown State Penguins - (Offensive Quality Control Coach)
17%
1 Jason Fracassa 10,615 Stevenson - 2009 Retired in 2013
17%
42 Jeff Wojtusik 5,329 Lumen Christi - 2006 Retired
17%
14 John Breasbois 7,216 Merrill - 1999 Retired
17%
5 Jon Wassink 8,124 South Christian - 2014 Retired in 2019
17%
30 Josh Brehm 6,083 Ithaca - 2001 Retired
17%
24 Josh Czarnota 6,210 Fenton - 2017 Retired
17%
45 Josh Rouhan 5,294 Tri County - 2005 Retired
17%
T43 Marc Colucci 5,311 Sterling Heights - 2006 Retired
17%
49 Martin Ledy 5,203 DeTour - 1969 Retired
17%
4 Mason Gee-Montgomery 8,269 Stockbridge - 2016 Retired in 2020
17%
48 Michael Lynn III 5,207 Sexton / Lansing Catholic - 2017 Boxing
17%
T26 Mike Tyler 6,158 Fremont - 2001 Retired
17%
10 Mill Coleman 7,464 Albion / Harrison - 1989 Retired in 1994
17%
T26 Mitchell Myler 6,158 Sacred Heart - 2012 Retired
17%
23 Mitch Robinson 6,213 Avondale - 2011 Retired
17%
18 Nick Ens 6,633 Catholic Central - 2009 Retired in 2013
17%
3 Omar Salih 8,484 Cesar Chavez / Cody - 2015 Retired
17%
29 Pat Naughton 6,133 Comstock Park - 2015 Retired
17%
41 Ryan Karolak 5,416 Cranbrook Kingswood - 2003 Retired in 2007
17%
25 Tony Poljan 6,179 Lansing Catholic - 2015 Baltimore Ravens (TE)
17%
9 Travis Russell 7,634 West Catholic - 2014 Massachusetts Minutemen - (Graduate Assistant)
17%
T43 Ty Holtz 5,311 DeWitt - 2021 Brown Bears (QB)
17%
No matching quizzes found
Score Distribution
Percent of People with Each Score
Percentile by Number Answered
Your Score History
You have not taken this quiz